000
00302nam a22001217a 4500
082
_a
297.1226
_b
KHA
100
_a
Khalifa,Mohammad
245
_a
The Sublime Quran and orientalism
260
_a
New York:
_b
Library of congress,
_c
1983. :
300
_a
262p. ;
563
_a
HB
942
_2
ddc
_c
BK
999
_c
614611
_d
614611